313 Zikir & Doa Pelajar

Bibliographic Details
Main Author: Abdullah Al-Qari B.Hj.Salleh
Format: Book
Published: Kuala Lumpur : Darul Nu'man , 1998
Subjects:

MARC

LEADER 00000cam a2200000 7i4500
001 0000013484
005 20080115.0
008 080115
020 |a 9830461742 
090 0 0 |a 297.382   |b ABD 
100 0 |a Abdullah Al-Qari B.Hj.Salleh 
245 1 0 |a 313 Zikir & Doa Pelajar   |c Abdullah Al-Qari B.Hj.Salleh 
246 0 |a Tiga Ratus Tiga Puluh Tiga Dan Doa Pelajar 
260 |a Kuala Lumpur :   |b Darul Nu'man ,   |c 1998 
650 0 |a Islam   |z Prayer and meditation 
999 |a 0001005697   |b Book   |c Adult Collection   |e Perbadanan Perpustakaan Awam Johor 
999 |a 0001005698   |b Book   |c Adult Collection   |e Perbadanan Perpustakaan Awam Johor 
999 |a 0001005699   |b Book   |c Adult Collection   |e Cawangan Bandar Tenggara